000 00908nam a2200253Ia 4500
999 _c30055
_d30055
003 CO-CtgCURN
005 20250409210218.0
008 190724s2001 xx 000 0 und d
020 _a9786071504715
040 _aCO-CtgCURN
_bspa
_ccoctgcurn
082 _a530
_bT595f
100 _aTippens, Paul E.
_eautor
_95148
245 0 _aFísica :
_bconceptos y aplicaciones /
_cPaul E. Tippens; traducción., Angel Carlos González Ruiz
260 _aPerú :
_bMcGraw-Hill,
_c2001
300 _a782 páginas ;
_c27 centímetros
500 _aTitulo original : Physics
521 _aAREA BASICA
590 _aPrograma de Mecánica Dental_25
650 _aFisica
_95149
700 _aGonzález Ruiz, Angel Carlos
_etraductor
_95150
942 _cBK
_h530
_iT595f
_2ddc
_01